| 000 | 00360nam a2200145Ia 4500 | ||
|---|---|---|---|
| 008 | 230917s9999||||xx |||||||||||||| ||und|| | ||
| 040 |
_e74144 _aMAIN |
||
| 041 | _aEnglish | ||
| 082 | _a658 D131O | ||
| 100 | _aDaft, Richard L | ||
| 245 | 0 | _aOrganizational behavior | |
| 260 |
_aFort Worth _bHarcourt College _c2001 |
||
| 300 | _axxxiv, 718 p. | ||
| 942 | _cBK | ||
| 999 |
_c113143 _d113143 |
||